[Event "Quebec Montcalm op 5 2018-19"]
[Site "Quebec"]
[Date "2019.02.28"]
[Round "3"]
[White "Marquis, Paul"]
[Black "Cummins, Paul"]
[Result "1/2-1/2"]
[WhiteElo "1980"]
[BlackElo "1719"]
[PlyCount "78"]
[EventDate "2019.02.14"]
[EventType "swiss"]
[EventRounds "5"]
[EventCountry "CAN"]
[SourceTitle "EXT 2022"]
[Source "ChessBase"]
[SourceDate "2021.10.06"]
[SourceVersion "1"]
[SourceVersionDate "2021.10.06"]
[SourceQuality "1"]

1. c4 e5 2. Nc3 Nf6 3. Nf3 Nc6 4. g3 d6 5. d3 Bg4 6. Bg2 h6 7. h3 Be6 8. 0-0 Qd7 9. Kh2 Be7 10. Rb1 a5 11. a3 0-0 12. b4 axb4 13. axb4 Nh7 14. b5 Nd8 15. Bd2 f5 16. Qc1 Nf7 17. Ng1 c6 18. bxc6 bxc6 19. Qb2 Rac8 20. Nd5 Bd8 21. Nb6 Bxb6 22. Qxb6 Nf6 23. Ra1 d5 24. Ra7 Qd8 25. Qa6 Ra8 26. cxd5 Rxa7 27. Qxa7 Bxd5 28. Bb4 Qb8 29. Qc5 Nd7 30. Qe7 Bxg2 31. Kxg2 Qc8 32. Bc3 c5 33. Qe6 Nf6 34. Qxc8 Rxc8 35. Nf3 e4 36. Nh4 Nd5 37. Bd2 Nd6 38. Rc1 exd3 39. exd3 Kf7 1/2-1/2

[Event "Quebec Montcalm op 5 2018-19"]
[Site "Quebec"]
[Date "2019.02.21"]
[Round "2"]
[White "Sarra Bournet, Marc"]
[Black "Marquis, Paul"]
[Result "1-0"]
[WhiteElo "1852"]
[BlackElo "1980"]
[PlyCount "61"]
[EventDate "2019.02.14"]
[EventType "swiss"]
[EventRounds "5"]
[EventCountry "CAN"]
[SourceTitle "EXT 2022"]
[Source "ChessBase"]
[SourceDate "2021.10.06"]
[SourceVersion "1"]
[SourceVersionDate "2021.10.06"]
[SourceQuality "1"]

1. e4 g6 2. d4 Bg7 3. Nf3 d6 4. Bd3 Bg4 5. c3 c6 6. 0-0 Nd7 7. h3 Bxf3 8. Qxf3 Ngf6 9. Nd2 0-0 10. Nc4 b5 11. Ne3 Qb6 12. Ng4 Nxg4 13. Qxg4 Nf6 14. Qh4 Rfe8 15. Be3 Qd8 16. Rad1 Nd7 17. Bg5 Bf6 18. f4 Bxg5 19. fxg5 f6 20. e5 dxe5 21. dxe5 Nxe5 22. Bc4+ Nxc4 23. Rxd8 Raxd8 24. gxf6 exf6 25. b3 g5 26. Qf2 Ne3 27. Re1 Nd5 28. Rxe8+ Rxe8 29. c4 bxc4 30. bxc4 Nb6 31. Qxf6 1-0

[Event "Quebec Botvinnick"]
[Site "Quebec"]
[Date "2017.02.20"]
[Round "2"]
[White "Marquis, Paul"]
[Black "Laflamme, Simon"]
[Result "1-0"]
[WhiteElo "1916"]
[BlackElo "1823"]
[PlyCount "81"]
[EventDate "2017.02.13"]
[EventType "swiss"]
[EventRounds "5"]
[EventCountry "CAN"]
[SourceTitle "EXT 2022"]
[Source "ChessBase"]
[SourceDate "2021.10.06"]
[SourceVersion "1"]
[SourceVersionDate "2021.10.06"]
[SourceQuality "1"]

1. c4 c5 2. Nc3 Nf6 3. g3 d5 4. cxd5 Nxd5 5. Bg2 Nc7 6. Qb3 e5 7. Bxb7 c4 8. Qa4+ Bd7 9. Qxc4 Be6 10. Qe4 f5 11. Qa4+ Nd7 12. Bxa8 Qxa8 13. Nf3 Bc5 14. 0-0 0-0 15. Ng5 Nb6 16. Qa5 Bd4 17. Nxe6 Nxe6 18. d3 f4 19. Ne4 Nd5 20. Qa6 Bb6 21. Bd2 Nd4 22. Rae1 Nf6 23. Ba5 Nxe4 24. dxe4 Qxe4 25. Bxb6 axb6 26. f3 Qg6 27. Qc4+ Kh8 28. g4 h5 29. Rf2 hxg4 30. Rg2 g3 31. Rc1 b5 32. Qc5 Nf5 33. Qxf8+ Kh7 34. Rc8 gxh2+ 35. Kxh2 Qh6+ 36. Kg1 Qb6+ 37. Rf2 Qg6+ 38. Rg2 Qb6+ 39. Qc5 Qa5 40. Rh2+ Nh6 41. Qc2+ 1-0

[Event "Quebec Carnaval"]
[Site "Quebec"]
[Date "2016.02.20"]
[Round "2"]
[White "Marquis, Paul"]
[Black "Dorion, Francois"]
[Result "1-0"]
[WhiteElo "1905"]
[BlackElo "1569"]
[PlyCount "31"]
[EventDate "2016.02.19"]
[EventType "swiss"]
[EventRounds "5"]
[EventCountry "CAN"]
[SourceTitle "EXT 2022"]
[Source "ChessBase"]
[SourceDate "2021.10.06"]
[SourceVersion "1"]
[SourceVersionDate "2021.10.06"]
[SourceQuality "1"]

1. c4 c5 2. Nc3 Nf6 3. g3 Nc6 4. Bg2 e5 5. e3 Be7 6. Nge2 d6 7. b3 0-0 8. Bb2 Be6 9. d4 exd4 10. exd4 d5 11. cxd5 Nxd5 12. 0-0 cxd4 13. Nb5 a6 14. Nbxd4 Nxd4 15. Nxd4 Qd7 16. Nxe6 1-0

[Event "Montcalm II 2015-16"]
[Site "Quebec"]
[Date "2015.10.22"]
[Round "2"]
[White "Dube, Daniel"]
[Black "Marquis, Paul"]
[Result "1-0"]
[WhiteElo "1948"]
[BlackElo "1931"]
[PlyCount "89"]
[EventDate "2015.10.15"]
[EventType "swiss"]
[EventRounds "5"]
[EventCountry "CAN"]
[SourceTitle "EXT 2019"]
[Source "ChessBase"]
[SourceDate "2018.10.10"]
[SourceVersion "1"]
[SourceVersionDate "2018.10.10"]
[SourceQuality "1"]

1. d4 Nf6 2. Nc3 e6 3. Bf4 d5 4. a3 Bd6 5. Bxd6 cxd6 6. Nf3 Nc6 7. e3 0-0 8. Be2 Ne4 9. Nxe4 dxe4 10. Nd2 f5 11. g3 a6 12. b4 b5 13. c4 bxc4 14. Bxc4 Bd7 15. Rc1 Ne7 16. Nb3 d5 17. Be2 Ba4 18. Rc5 Qb6 19. Qb1 Bxb3 20. Qxb3 a5 21. 0-0 axb4 22. axb4 Rfb8 23. b5 Ra5 24. Rfc1 Rba8 25. Rc7 R8a7 26. Qc3 Qd6 27. Rxa7 Rxa7 28. Qc5 Qd7 29. b6 Rb7 30. Ba6 Rb8 31. Qc7 Qe8 32. Qd6 Kf7 33. Rc7 Rd8 34. Qc5 Kf6 35. b7 Rb8 36. Bb5 Qd8 37. Bd7 Ng6 38. Qc6 Nf8 39. Bc8 g5 40. Qb6 Qe8 41. Qa7 Qb5 42. Rc1 Qb2 43. Rf1 Nd7 44. Bxd7 Rxb7 45. Qa4 1-0

[Event "Charlesbourg Olympiade"]
[Site "Charlesbourg"]
[Date "2014.12.08"]
[Round "5"]
[White "Marquis, Paul"]
[Black "Laflamme, Simon"]
[Result "1/2-1/2"]
[WhiteElo "1985"]
[BlackElo "2004"]
[PlyCount "95"]
[EventDate "2014.11.10"]
[EventType "swiss"]
[EventRounds "6"]
[EventCountry "CAN"]
[SourceTitle "EXT 2022"]
[Source "ChessBase"]
[SourceDate "2021.10.06"]
[SourceVersion "1"]
[SourceVersionDate "2021.10.06"]
[SourceQuality "1"]

1. c4 c5 2. Nc3 Nc6 3. g3 g6 4. Bg2 Bg7 5. Nf3 e5 6. 0-0 Nge7 7. d3 0-0 8. a3 d6 9. Rb1 a5 10. Bd2 f5 11. e3 Kh8 12. Ne1 Be6 13. Nd5 Rb8 14. Nc2 b5 15. Nxe7 Nxe7 16. cxb5 Bb3 17. Qc1 Rxb5 18. Bc3 Qb6 19. a4 Bxa4 20. Na3 Rb3 21. Nc4 Qb8 22. Nxa5 Rb6 23. Ra1 Bb5 24. Nc4 Bxc4 25. dxc4 e4 26. Bxg7+ Kxg7 27. Qc3+ Kg8 28. Rab1 Nc6 29. f3 Rb3 30. Qd2 Rd3 31. Qe2 Qb3 32. fxe4 Rxe3 33. Qd1 Nd4 34. Qxb3 Rxb3 35. exf5 Rxf5 36. Rxf5 Nxf5 37. Bd5+ Kg7 38. Kf2 Nd4 39. g4 g5 40. Be4 h6 41. Bd5 Kf6 42. Kg2 Ne2 43. Be4 Nf4+ 44. Kg1 Ne2+ 45. Kg2 Nd4 46. Bd5 Ke5 47. Re1+ Kf6 48. Rb1 1/2-1/2

[Event "Charlesbourg Olympiade"]
[Site "Charlesbourg"]
[Date "2014.12.01"]
[Round "4"]
[White "Marquis, Paul"]
[Black "Dube, Daniel"]
[Result "1-0"]
[WhiteElo "1985"]
[BlackElo "1947"]
[PlyCount "81"]
[EventDate "2014.11.10"]
[EventType "swiss"]
[EventRounds "6"]
[EventCountry "CAN"]
[SourceTitle "EXT 2022"]
[Source "ChessBase"]
[SourceDate "2021.10.06"]
[SourceVersion "1"]
[SourceVersionDate "2021.10.06"]
[SourceQuality "1"]

1. e4 Nf6 2. e5 Nd5 3. d4 d6 4. c4 Nb6 5. exd6 cxd6 6. Nf3 g6 7. Be3 Bg7 8. Qd2 Bg4 9. Ng5 0-0 10. f3 Bf5 11. Bd3 Bxd3 12. Qxd3 d5 13. c5 Nc4 14. Nd2 e5 15. Nxc4 dxc4 16. Qxc4 exd4 17. 0-0-0 Nc6 18. Ne4 b6 19. Bg5 Na5 20. Bxd8 Nxc4 21. Be7 Rfe8 22. Bf6 bxc5 23. Bxg7 Kxg7 24. Nxc5 Rac8 25. b4 Rcd8 26. Ne4 f5 27. Nc5 Kf6 28. Rhe1 Rxe1 29. Rxe1 Ne3 30. Kd2 Nxg2 31. Re6+ Kf7 32. Ra6 Nh4 33. Rxa7+ Kg8 34. b5 Nxf3+ 35. Kd1 Ne5 36. b6 d3 37. b7 Nc6 38. Ra8 Nb8 39. Na6 Kg7 40. Rxb8 Rd6 41. Rg8+ 1-0

[Event "Quebec Montcalm op 1 2014-15"]
[Site "Quebec"]
[Date "2014.09.04"]
[Round "1"]
[White "Marquis, Paul"]
[Black "Hebert, Andre Jr"]
[Result "1-0"]
[WhiteElo "2033"]
[BlackElo "1621"]
[PlyCount "71"]
[EventDate "2014.09.04"]
[EventType "swiss"]
[EventRounds "5"]
[EventCountry "CAN"]
[SourceTitle "EXT 2022"]
[Source "ChessBase"]
[SourceDate "2021.10.06"]
[SourceVersion "1"]
[SourceVersionDate "2021.10.06"]
[SourceQuality "1"]

1. c4 Nf6 2. Nc3 d5 3. cxd5 Nxd5 4. g3 e5 5. Bg2 Be6 6. Nf3 Nc6 7. 0-0 Be7 8. d3 h6 9. Bd2 0-0 10. Rc1 Qd7 11. a3 f5 12. Nxd5 Bxd5 13. Bc3 Bxf3 14. Bxf3 Qe6 15. Bxc6 bxc6 16. Qa4 c5 17. Bd2 Rfb8 18. b4 cxb4 19. axb4 Rb7 20. Rc6 Bd6 21. Ra6 Qd5 22. Ra5 Qd4 23. Rb1 c5 24. Qa2+ Kh7 25. Be3 Qg4 26. Qd5 Rab8 27. Qxd6 Rxb4 28. Rxb4 Rxb4 29. f3 Qh3 30. Ra1 f4 31. gxf4 exf4 32. Bxf4 Qh4 33. Bg3 Qg5 34. Qe5 Qd2 35. Rxa7 Rb1+ 36. Kg2 1-0

[Event "Quebec Montcalm op 5 2013-14"]
[Site "Quebec"]
[Date "2014.02.13"]
[Round "1"]
[White "Theriault, Francis"]
[Black "Marquis, Paul"]
[Result "1/2-1/2"]
[WhiteElo "1538"]
[BlackElo "2009"]
[PlyCount "89"]
[EventDate "2014.02.13"]
[EventType "swiss"]
[EventRounds "5"]
[EventCountry "CAN"]
[SourceTitle "EXT 2022"]
[Source "ChessBase"]
[SourceDate "2021.10.06"]
[SourceVersion "1"]
[SourceVersionDate "2021.10.06"]
[SourceQuality "1"]

1. e4 d6 2. d4 Nf6 3. Nc3 g6 4. Nf3 Bg7 5. Bd3 0-0 6. h3 a6 7. Qe2 Nc6 8. e5 dxe5 9. dxe5 Nd5 10. Nxd5 Qxd5 11. Bc4 Qd7 12. Bd2 b5 13. Bb3 Nd8 14. a4 Rb8 15. axb5 axb5 16. 0-0 c5 17. c3 c4 18. Bc2 Bb7 19. Bf4 Ne6 20. Bg3 Qc6 21. Rfd1 Ra8 22. Ne1 Rxa1 23. Rxa1 Ra8 24. Rxa8+ Bxa8 25. f3 Qc5+ 26. Kf1 b4 27. Be4 Bxe4 28. Qxe4 b3 29. f4 Qb5 30. Bf2 Bh6 31. g3 Qa4 32. Qe2 Qa1 33. Be3 Bg7 34. Kf2 Nc7 35. Qd2 Nb5 36. Qc1 Qxc1 37. Bxc1 f6 38. Nf3 fxe5 39. Nxe5 Bxe5 40. fxe5 Kf7 41. Ke3 Ke6 42. Ke4 h5 43. h4 Nc7 44. Bf4 Nd5 45. Bc1 1/2-1/2

[Event "Quebec Montcalm op 2 2013-14"]
[Site "Quebec"]
[Date "2013.11.07"]
[Round "5"]
[White "Lessard, Claude"]
[Black "Marquis, Paul"]
[Result "0-1"]
[WhiteElo "2042"]
[BlackElo "1983"]
[PlyCount "69"]
[EventDate "2013.10.10"]
[EventType "swiss"]
[EventRounds "5"]
[EventCountry "CAN"]
[SourceTitle "EXT 2022"]
[Source "ChessBase"]
[SourceDate "2021.10.06"]
[SourceVersion "1"]
[SourceVersionDate "2021.10.06"]
[SourceQuality "1"]

1. d4 Nf6 2. c4 g6 3. Nc3 Bg7 4. e4 d6 5. Nf3 0-0 6. Be2 e5 7. d5 a5 8. h3 Na6 9. 0-0 Nc5 10. Qc2 Nh5 11. Re1 Nf4 12. Bf1 f5 13. Bxf4 exf4 14. e5 dxe5 15. Nxe5 Bxe5 16. Rxe5 Qd6 17. Ree1 Bd7 18. a3 a4 19. Nb5 Bxb5 20. cxb5 Rfe8 21. Rad1 Re4 22. f3 Re3 23. Rxe3 fxe3 24. Re1 Re8 25. Qc3 f4 26. Bc4 h6 27. Ba2 Kh7 28. g4 b6 29. Bb1 Qe5 30. Qc2 Rg8 31. h4 h5 32. gxh5 Qxh5 33. Qh2 Qxf3 34. h5 Ne4 35. h6 0-1

[Event "Quebec Montcalm op 2 2013-14"]
[Site "Quebec"]
[Date "2013.10.24"]
[Round "3"]
[White "Marquis, Paul"]
[Black "Bluteau, Yvon"]
[Result "1-0"]
[WhiteElo "1983"]
[BlackElo "1841"]
[PlyCount "109"]
[EventDate "2013.10.10"]
[EventType "swiss"]
[EventRounds "5"]
[EventCountry "CAN"]
[SourceTitle "EXT 2022"]
[Source "ChessBase"]
[SourceDate "2021.10.06"]
[SourceVersion "1"]
[SourceVersionDate "2021.10.06"]
[SourceQuality "1"]

1. c4 Nf6 2. Nc3 g6 3. e4 d6 4. d4 Bg7 5. Nf3 0-0 6. Be2 Nc6 7. d5 Nb8 8. h3 c6 9. Be3 Nbd7 10. g4 Qa5 11. 0-0 Nc5 12. Nd2 Bd7 13. a3 Qc7 14. b4 Nxg4 15. hxg4 Bxc3 16. bxc5 dxc5 17. Bh6 Bd4 18. Kg2 f5 19. Bxf8 Rxf8 20. Rb1 fxe4 21. Nxe4 Qf4 22. f3 Be5 23. Rh1 Bxg4 24. fxg4 Qxe4+ 25. Bf3 Qxc4 26. Qb3 Qf4 27. Rh3 Qd2+ 28. Kh1 c4 29. Qd1 Qxd1+ 30. Rxd1 cxd5 31. Bxd5+ Kg7 32. Bxc4 Bd6 33. Rdd3 Rf4 34. Be6 Rf1+ 35. Kg2 Rf6 36. Bd7 Bf4 37. Rhf3 g5 38. Bf5 Rb6 39. Rd7 Kf8 40. Bxh7 Rh6 41. Rh3 Rb6 42. Rd8+ Kf7 43. Bf5 Rb2+ 44. Kf1 Bd6 45. Rh5 Bf4 46. Rh7+ Kf6 47. Rf8+ Ke5 48. Rxe7+ Kd6 49. Rd7+ Kc6 50. Rc8+ Kb6 51. Be4 Ka6 52. Rg8 Bg3 53. Rg6+ b6 54. Rxg5 b5 55. Rg6+ 1-0

[Event "Trois-Rivieres Mauricie op"]
[Site "Trois Rivieres"]
[Date "2012.03.17"]
[Round "2"]
[White "Marquis, Paul"]
[Black "Masse, Hugues"]
[Result "0-1"]
[WhiteElo "1918"]
[BlackElo "2277"]
[PlyCount "66"]
[EventDate "2012.03.16"]
[EventType "swiss"]
[EventRounds "5"]
[EventCountry "CAN"]
[SourceTitle "EXT 2022"]
[Source "ChessBase"]
[SourceDate "2021.10.06"]
[SourceVersion "1"]
[SourceVersionDate "2021.10.06"]
[SourceQuality "1"]

1. e4 e6 2. d4 d5 3. Nd2 Be7 4. Ngf3 Nf6 5. Bd3 c5 6. c3 Nc6 7. e5 Nd7 8. Bb1 a5 9. Nf1 b6 10. Bd3 Ba6 11. Bxa6 Rxa6 12. Qe2 Ra7 13. h4 Qb8 14. h5 b5 15. h6 g6 16. Be3 a4 17. a3 Na5 18. N1d2 0-0 19. Bg5 Bxg5 20. Nxg5 cxd4 21. cxd4 Rc7 22. Qg4 Qb6 23. Rh3 Rc2 24. Rc3 Rxb2 25. Rac1 Nc4 26. Nxc4 bxc4 27. R1c2 Rxc2 28. Rxc2 Qb3 29. Kd2 Qd3+ 30. Kc1 Qxa3+ 31. Kd1 Qd3+ 32. Kc1 Qf1+ 33. Kd2 Qxf2+ 0-1

[Event "Trois-Rivieres Mauricie op"]
[Site "Trois Rivieres"]
[Date "2012.03.16"]
[Round "1"]
[White "Chiku Ratte, Olivier Kenta"]
[Black "Marquis, Paul"]
[Result "0-1"]
[WhiteElo "2116"]
[BlackElo "1918"]
[PlyCount "142"]
[EventDate "2012.03.16"]
[EventType "swiss"]
[EventRounds "5"]
[EventCountry "CAN"]
[SourceTitle "EXT 2022"]
[Source "ChessBase"]
[SourceDate "2021.10.06"]
[SourceVersion "1"]
[SourceVersionDate "2021.10.06"]
[SourceQuality "1"]

1. d4 Nf6 2. c4 g6 3. Nc3 Bg7 4. e4 d6 5. f4 0-0 6. Nf3 Na6 7. Be2 e5 8. fxe5 dxe5 9. d5 Nc5 10. Bg5 h6 11. Bxf6 Bxf6 12. b4 Na6 13. a3 c5 14. b5 Nc7 15. Qd2 Bg7 16. Qe3 Qd6 17. 0-0 f5 18. Nd2 f4 19. Qd3 Ne8 20. Bf3 Nf6 21. Qe2 h5 22. h3 Kh7 23. a4 Kh6 24. Qf2 g5 25. Be2 g4 26. Nb3 b6 27. a5 Rb8 28. axb6 axb6 29. Kh1 gxh3 30. gxh3 Qd7 31. Qh4 Qxh3+ 32. Qxh3 Bxh3 33. Rf2 Bg4 34. Bf3 Bxf3+ 35. Rxf3 Ra8 36. Rff1 Ng4 37. Nd2 Ne3 38. Rg1 Bf6 39. Ra6 Rxa6 40. bxa6 Ra8 41. Ra1 Nc2 42. Ra4 Nd4 43. Nb5 Kg5 44. a7 Bd8 45. Nd6 Kf6 46. Nc8 Kf7 47. Ra6 Ke8 48. Nd6+ Kd7 49. Nb5 Kc8 50. Nxd4 cxd4 51. Nf3 Kb7 52. Ra2 Bf6 53. Rb2 Kxa7 54. Rb5 Rc8 55. d6 Rd8 56. c5 bxc5 57. Rxc5 Rxd6 58. Nxe5 Bxe5 59. Rxe5 d3 60. Ra5+ Kb6 61. Ra1 d2 62. Rd1 Rd4 63. Kg2 Rd3 64. Kf2 Kc5 65. Ke2 Kd4 66. e5 f3+ 67. Kf2 Kxe5 68. Kg3 Ke4 69. Kf2 h4 70. Kg1 Ke3 71. Kf1 h3 0-1

[Event "Quebec Montcalm op 2 2011-12"]
[Site "Quebec"]
[Date "2011.10.27"]
[Round "3"]
[White "Marquis, Paul"]
[Black "Drolet, Stephane"]
[Result "1/2-1/2"]
[WhiteElo "1935"]
[BlackElo "2140"]
[PlyCount "60"]
[EventDate "2011.10.13"]
[EventType "swiss"]
[EventRounds "5"]
[EventCountry "CAN"]
[SourceTitle "EXT 2022"]
[Source "ChessBase"]
[SourceDate "2021.10.06"]
[SourceVersion "1"]
[SourceVersionDate "2021.10.06"]
[SourceQuality "1"]

1. e4 d6 2. d4 Nf6 3. Nc3 c6 4. a4 Qa5 5. Bd2 e5 6. dxe5 dxe5 7. Nd5 Qd8 8. Nxf6+ Qxf6 9. Nf3 Bg4 10. Bc4 Nd7 11. Qe2 Bxf3 12. Qxf3 Qxf3 13. gxf3 Bd6 14. 0-0-0 Ke7 15. Rhg1 g6 16. Bc3 f6 17. Rd2 Nb6 18. Bb3 Rad8 19. a5 Na8 20. Kd1 Bc5 21. Ke2 Nc7 22. Bc4 Ne6 23. Bxe6 Kxe6 24. b4 Bd4 25. Bxd4 Rxd4 26. Rxd4 exd4 27. f4 Rc8 28. Kd3 c5 29. b5 Rf8 30. Kc4 Kd6 1/2-1/2

[Event "Quebec Montcalm op 3 2010-11"]
[Site "Quebec"]
[Date "2010.12.02"]
[Round "3"]
[White "Caire, Francois"]
[Black "Marquis, Paul"]
[Result "1-0"]
[WhiteElo "2247"]
[BlackElo "1971"]
[PlyCount "59"]
[EventDate "2010.11.18"]
[EventType "swiss"]
[EventRounds "5"]
[EventCountry "CAN"]
[SourceTitle "EXT 2022"]
[Source "ChessBase"]
[SourceDate "2021.10.06"]
[SourceVersion "1"]
[SourceVersionDate "2021.10.06"]
[SourceQuality "1"]

1. d4 d5 2. Nf3 Bg4 3. Ne5 Bf5 4. c4 f6 5. Nf3 c6 6. cxd5 cxd5 7. Qb3 Qd7 8. Nc3 e6 9. Bf4 Nc6 10. e3 g5 11. Bg3 Bb4 12. a3 Ba5 13. Be2 Nge7 14. Rc1 Rc8 15. 0-0 Bxc3 16. Rxc3 Bg6 17. Qa4 h5 18. h4 g4 19. Nd2 0-0 20. Nb3 Nf5 21. Nc5 Qe7 22. Rfc1 Nxg3 23. fxg3 Be8 24. Qd1 b6 25. Nd3 Qd6 26. Nf4 Bf7 27. Ba6 Rc7 28. b4 e5 29. Ne2 Rfc8 30. Bxc8 1-0